| 000 | 00000nam 2200000za 4500 |
| 001 | 9.629966 |
| 003 | CaOODSP |
| 005 | 20221107134257 |
| 007 | cr ||||||||||| |
| 008 | 150407s2015||||xxc|||||o f00| 0 eng d |
| 020 | |a978-1-100-25807-2 |
| 040 | |aCaOODSP|beng |
| 043 | |an-cn--- |
| 086 | 1 |aA118-10/35-2013E-PDF |
| 245 | 00|aCrop profile for cherry in Canada, 2013 |h[electronic resource] / |cprepared by: Pesticide Risk Reduction Program. Pest Management Centre, Agriculture and Agri-Food Canada. |
| 250 | |a2nd ed. |
| 260 | |aOttawa, Ontario : |bAgriculture and Agri-Food Canada, |c2015. |
| 300 | |a[3], 64 p. : |bfigs., graph, tables. |
| 500 | |aIssued also in French under title: Profil de la culture de la cerise au Canada, 2013. |
| 504 | |aIncludes bibliographic references. |
| 690 | 07|aFruit crops|2gcpds |
| 710 | 1 |aCanada.|bAgriculture and Agri-Food Canada. |bPest Management Centre. |
| 775 | 08|tProfil de la culture de la cerise au Canada, 2013|w(CaOODSP)9.677559 |
| 794 | |tCrop profile for cherry in Canada, 2016 |w(CaOODSP)9.865617 |
| 856 | 40|qPDF|s1.26 MB|uhttps://publications.gc.ca/collections/collection_2015/aac-aafc/A118-10-35-2013-eng.pdf |
| 986 | |aAAFC No.: 12339E |